| 000 | 00712nam a22001937a 4500 | ||
|---|---|---|---|
| 003 | OSt | ||
| 005 | 20251009023705.0 | ||
| 008 | 251009b |||||||| |||| 00| 0 eng d | ||
| 020 | _a978-971-95546-3 | ||
| 040 |
_aDWCL-Main lib. _cOC |
||
| 082 | _aFil. 158.2 G216u 2014 | ||
| 100 | _aVic Garcia | ||
| 245 |
_aUnleash your highest potential _b: keys to unleash your highest potential towards success, happiness and significance (Book 1)/ _cVic Garcia |
||
| 260 |
_aManila : _bUnleash International Corporations, _cc2014. |
||
| 300 |
_a124 pages : _bcolor illustrations ; _c21 cm. |
||
| 650 | _a1. Interpersonal relations. | ||
| 650 | _a2. Success in life. I. Garcia, Avelynn. | ||
| 942 |
_2ddc _cBK - FIL _kFil. _n0 |
||
| 999 |
_c4756 _d4756 |
||